书目信息 |
| 题名: |
大学英语词汇统考必备习题集
|
|
| 作者: | 李晓红 , 王达坤 主编 | |
| 分册: | ||
| 出版信息: | 哈尔滨 哈尔滨工业大学出版社 1994.10 |
|
| 页数: | 320页 | |
| 开本: | 32开 | |
| 丛书名: | ||
| 单 册: | ||
| 中图分类: | H313-44 | |
| 科图分类: | ||
| 主题词: | 英语 | |
| 电子资源: | ||
| ISBN: | 7-5603-1057-5 | |
| 000 | 00636nam0 2200205 45 | |
| 001 | 0009121627 | |
| 005 | 20000912164138.3 | |
| 010 | @a7-5603-1057-5@d7.00元 | |
| 100 | @a20000912d1994 km y0chiy0120 ea | |
| 101 | 0 | @achi |
| 105 | @a z 000yy | |
| 200 | 1 | @a大学英语词汇统考必备习题集@ADa Xue Ying Yu Ci Hui Tong Kao Bi Bei Xi Ti Ji@f李晓红,王达坤主编@FLi Xiao Hong,Wang Da Kun Zhu Bian |
| 210 | @a哈尔滨@c哈尔滨工业大学出版社@d1994.10 | |
| 215 | @a320页@d32开 | |
| 606 | 0 | @a英语 |
| 690 | @aH313-44@v3 | |
| 701 | 0 | @a李晓红@4主编 |
| 701 | 0 | @a王达坤@4主编 |
| 801 | @aCN@bPftUser@c20000912 | |
| 905 | @b138481-490@dH313-44@eL334@f10 | |
| 大学英语词汇统考必备习题集/李晓红,王达坤主编.-哈尔滨:哈尔滨工业大学出版社,1994.10 |
| 320页;32开 |
| ISBN 7-5603-1057-5:7.00元 |
| ● |
| 相关链接 |
|
|
|
正题名:大学英语词汇统考必备习题集
索取号:H313-44/L334
 
预约/预借
| 序号 | 登录号 | 条形码 | 馆藏地/架位号 | 状态 | 备注 |
| 1 | 138481 | 201384812 | 语言库209/209语言库 31排2列1层/ [索取号:H313-44/L334] | 在馆 | |
| 2 | 138482 | 201384821 | 语言库209/209语言库 31排2列1层/ [索取号:H313-44/L334] | 在馆 | |
| 3 | 138483 | 201384830 | 语言库209/209语言库 31排2列1层/ [索取号:H313-44/L334] | 在馆 | |
| 4 | 138484 | 201384849 | 语言库209/209语言库 31排2列1层/ [索取号:H313-44/L334] | 在馆 | |
| 5 | 138485 | 201384858 | 语言库209/209语言库 31排2列1层/ [索取号:H313-44/L334] | 在馆 | |
| 6 | 138486 | 201384867 | 语言库209/209语言库 31排2列1层/ [索取号:H313-44/L334] | 在馆 | |
| 7 | 138487 | 201384876 | 语言库209/209语言库 31排2列1层/ [索取号:H313-44/L334] | 在馆 | |
| 8 | 138488 | 201384885 | 语言库209/209语言库 31排2列1层/ [索取号:H313-44/L334] | 在馆 | |
| 9 | 138489 | 201384894 | 语言库209/209语言库 31排2列1层/ [索取号:H313-44/L334] | 在馆 | |
| 10 | 138490 | 201384901 | 语言库209/209语言库 31排2列1层/ [索取号:H313-44/L334] | 在馆 |